Central Library OPAC University of Rajshahi

Stabilization of the domestic and international economy / (Record no. 58390)

MARC details
000 -LEADER
fixed length control field 01096nam a2200325 a 4500
001 - CONTROL NUMBER
control field 58390
003 - CONTROL NUMBER IDENTIFIER
rucl marc code BD-RJUL
005 - DATE AND TIME OF LATEST TRANSACTION
control field 20211209080620.0
008 - FIXED-LENGTH DATA ELEMENTS--GENERAL INFORMATION
fixed length control field 161218s1977 ne b 100 0 eng
020 ## - INTERNATIONAL STANDARD BOOK NUMBER
International Standard Book Number 0720407095
035 ## - SYSTEM CONTROL NUMBER
System control number BD-RJUL 58514
System control number (OCoLC)02813550
System control number GLIS00033894
040 ## - CATALOGING SOURCE
Original cataloging agency DLC
Transcribing agency DLC
Modifying agency MYG
Language of cataloging eng
041 ## - LANGUAGE CODE
Language code of text/sound track or separate title eng
082 ## - DEWEY DECIMAL CLASSIFICATION NUMBER
Edition number 23
Classification number 339.5
Author mark and year STA 1977
099 ## - LOCAL FREE-TEXT CALL NUMBER (OCLC)
Bangla Class number HB3730.S72
245 00 - TITLE STATEMENT
Title Stabilization of the domestic and international economy /
Statement of responsibility, etc. editors, Karl Brunner, Allan H. Meltzer.
260 ## - PUBLICATION, DISTRIBUTION, ETC. (IMPRINT)
Place of publication, distribution, etc. Amsterdam ;
-- New York :
Name of publisher, distributor, etc. North-Holland Pub. Co.,
Date of publication, distribution, etc. 1977.
300 ## - PHYSICAL DESCRIPTION
Pagination viii, 318 p. :
Illustrations ill. ;
Size 24 cm.
490 1# - SERIES STATEMENT
Series statement Carnegie-Rochester conference series on public policy ;
Volume/sequential designation v. 5
504 ## - BIBLIOGRAPHY, ETC. NOTE
Bibliography, etc Includes bibliographies.
650 #0 - SUBJECT ADDED ENTRY--TOPICAL TERM
Topical term or geographic name as entry element Economic stabilization
9 (RLIN) 172747
Topical term or geographic name as entry element Indexation (Economics)
9 (RLIN) 173421
700 1# - ADDED ENTRY--PERSONAL NAME
Personal name Brunner, Karl,
Dates associated with a name 1916-1989.
Personal name Meltzer, Allan H.
830 #0 - SERIES ADDED ENTRY--UNIFORM TITLE
Uniform title Carnegie-Rochester conference series on public policy ;
Volume number/sequential designation v. 5.
942 ## - ADDED ENTRY ELEMENTS (KOHA)
Source of classification or shelving scheme Dewey Decimal Classification
Koha item type Books
Holdings
Lost status Source of classification or shelving scheme Damaged status Not for loan Collection code Permanent Location Current Location Shelving location Date acquired Total Checkouts Full call number Date last seen Copy number Koha item type
  Dewey Decimal Classification   Not For Loan Non-fiction Central Library, University of Rajshahi Central Library, University of Rajshahi Reading Room 24/10/1992   339.5 STA 1977 18/12/2016 C-1 Books